| 000 | 01356cam a2200325 a 4500 | ||
|---|---|---|---|
| 001 | 3504652 | ||
| 003 | OSt | ||
| 005 | 20240724103541.0 | ||
| 008 | 950223s1995 cau b 001 0 eng | ||
| 010 | _a 95010016 | ||
| 020 | _a0803956525 (cloth : acidfree paper) | ||
| 020 | _a0803956533 (pbk. : acidfree paper) | ||
| 040 |
_aMUST LIB _cMUST _dMUST |
||
| 050 | 0 | 0 |
_aHM131 _b.S3845 1995 |
| 082 | 0 | 0 |
_a302.3 _220 _bSCO |
| 100 | 1 |
_aScott, W. Richard. _918990 |
|
| 245 | 1 | 0 |
_aInstitutions and organizations / _cW. Richard Scott. |
| 260 |
_aThousand Oaks : _bSAGE _cc1995. |
||
| 300 |
_axv, 178 p. ; _c24 cm. |
||
| 440 | 0 |
_aFoundations for organizational science _918991 |
|
| 504 | _aIncludes bibliographical references (p. 153-171) and index. | ||
| 650 | 0 |
_aOrganizational sociology. _918502 |
|
| 650 | 0 |
_aSocial institutions. _913684 |
|
| 856 | 4 | 2 |
_3Publisher description _uhttp://www.loc.gov/catdir/enhancements/fy0658/95010016-d.html |
| 856 | 4 | 1 |
_3Table of contents only _uhttp://www.loc.gov/catdir/enhancements/fy0658/95010016-t.html |
| 856 | 4 | 2 |
_3Contributor biographical information _uhttp://www.loc.gov/catdir/enhancements/fy0740/95010016-b.html |
| 906 |
_a7 _bcbc _corignew _d1 _eocip _f19 _gy-gencatlg |
||
| 942 |
_2ddc _cO_SHELF |
||
| 999 |
_c9287 _d9287 |
||